000
00368nam a22001337a 4500
003
SGT
020
_a
9789384579519
082
_a
891.4309
_b
A15S
100
_a
श्रीवास्तव, विशंभर
245
_a
आडवाणी के साथ 32 साल
260
_b
अनिल प्रकाशन
_c
2015
300
_a
280
942
_2
ddc
_c
BK
999
_c
31415
_d
31415